000 00414nam a2200169Ia 4500
001 18498
003 IN-NITTTR
005 20251114233215.0
008 251113s9999||||xx |||||||||||||| ||eng||
040 _beng
040 _cIN-NITTTR
041 _aeng
082 _a307.14 K11R
100 _aKatar Singh,
245 0 _aRural development :
_b principles, policies and management /
_cKatar Singh
942 _2ddc
_cBK
999 _c21132
_d21132